000 00569nam a22001937a 4500
003 OSt
005 20240709154104.0
008 240709b |||||||| |||| 00| 0 eng d
020 _a0256243654
040 _aDDC
_cMUST
082 _a339 COL 1996
100 _aColander David C. and Septon Peter S.
_918554
245 _aMacroeconomics:
_bTransparency Masters to Accompany/
_cColander David C. and Septon Peter S.
250 _aFirst Edition
260 _aBoston:
_bIrwin;
_c1996.
300 _a162p:
_bill,;
_c27.6cm
650 _aEconomics
_9975
942 _2ddc
_cO_SHELF
999 _c9122
_d9122